000
00323nam a22001337a 4500
008
170504b xxu||||| |||| 00| 0 eng d
020
_a
9781422474334
041
_a
eng
080
_2
6 ED
_a
34
100
_a
13
101
_a
SHJ
245
_a
FEDERAL RULIES OF EVIDENCE RULES LEGISLATIVE
_c
DUANE.J.J
942
_2
udc
_c
BK
999
_c
12615
_d
12615